[Event "CAN-ch U18"]
[Site "Sault Ste Marie"]
[Date "2017.07.06"]
[Round "1.7"]
[White "Ban, Sihao"]
[Black "Shi, Diwen"]
[Result "0-1"]
[WhiteElo "1566"]
[BlackElo "2278"]
[PlyCount "132"]
[EventDate "2017.07.06"]
[EventType "swiss"]
[EventRounds "7"]
[EventCountry "CAN"]
[SourceTitle "EXT 2022"]
[Source "ChessBase"]
[SourceDate "2021.10.06"]
[SourceVersion "1"]
[SourceVersionDate "2021.10.06"]
[SourceQuality "1"]

1. e4 c5 2. Nf3 g6 3. d4 cxd4 4. Qxd4 Nf6 5. e5 Nc6 6. Qc3 Nd5 7. Qb3 e6 8. Bg5 Qc7 9. c4 Nb6 10. Bf6 Rg8 11. Nc3 Na5 12. Nb5 Qc6 13. Nfd4 Nxb3 14. Nxc6 dxc6 15. Rd1 Bb4+ 16. Ke2 Nd5 17. Nc7+ Kd7 18. Nxa8 Na5 19. cxd5 cxd5 20. Rc1 Nc6 21. a3 Bf8 22. b4 Bh6 23. Rc3 b5 24. a4 Bb7 25. axb5 Nd4+ 26. Kd3 Nxb5 27. Rc5 Bc6 28. Kc2 Rc8 29. Kb2 Nd4 30. Ba6 Rb8 31. Kc3 Nf5 32. Nc7 Bf8 33. Bb5 Bxc5 34. Bxc6+ Kxc7 35. bxc5 Kxc6 36. Ra1 Rb7 37. Ra5 h5 38. g3 Nh6 39. h3 Ng8 40. Bg5 Ne7 41. g4 hxg4 42. hxg4 Nc8 43. Be3 Rb1 44. Ra4 Kb5 45. Rf4 a5 46. Rxf7 Kc6 47. Rf6 a4 48. Rxe6+ Kb7 49. Kc2 Rb4 50. Rxg6 a3 51. Rh6 d4 52. Bc1 Rc4+ 53. Kd2 a2 54. Bb2 Rxc5 55. e6 Rb5 56. Kc1 d3 57. Rh1 Rc5+ 58. Kd1 Rc2 59. Bd4 Rxf2 60. Rg1 Ne7 61. g5 Nf5 62. Bxf2 a1Q+ 63. Kd2 Qb2+ 64. Kxd3 Qxf2 65. Rb1+ Kc6 66. Rc1+ Kd5 0-1

[Event "CAN-ch U16"]
[Site "Windsor"]
[Date "2015.07.09"]
[Round "7.12"]
[White "Kanwal, Harkeerat"]
[Black "Ban, Sihao"]
[Result "1-0"]
[WhiteElo "1132"]
[BlackElo "1326"]
[PlyCount "77"]
[EventDate "2015.07.06"]
[EventType "swiss"]
[EventRounds "7"]
[EventCountry "CAN"]
[SourceTitle "EXT 2022"]
[Source "ChessBase"]
[SourceDate "2021.10.06"]
[SourceVersion "1"]
[SourceVersionDate "2021.10.06"]
[SourceQuality "1"]

1. e4 e5 2. Nf3 Nc6 3. Bc4 Nf6 4. Nc3 Nxe4 5. Nxe4 d5 6. Bxd5 Qxd5 7. Nc3 Qa5 8. a3 Bg4 9. 0-0 Nd4 10. d3 Qa6 11. Re1 Qg6 12. Nxe5 Bxd1 13. Nxg6+ Kd7 14. Nxf8+ Rhxf8 15. Rxd1 Nxc2 16. Rb1 Rae8 17. Bf4 Nd4 18. Be3 Nc2 19. Bc5 Rg8 20. Rbc1 b6 21. Bxb6 axb6 22. Rxc2 Re6 23. h3 Rge8 24. Kf1 Rc6 25. Rdc1 Rd6 26. Nb5 Rxd3 27. Rxc7+ Kd8 28. Rc8+ Kd7 29. R1c7+ Ke6 30. Rxe8+ Kf6 31. Rc6+ Kf5 32. g4+ Kf4 33. Rc4+ Kg5 34. Re3 Rd5 35. f4+ Kh4 36. Nd4 b5 37. Rb4 g6 38. Kg2 f5 39. Nf3# 1-0

[Event "CAN-ch U16"]
[Site "Windsor"]
[Date "2015.07.07"]
[Round "3.12"]
[White "Damore, Tyler"]
[Black "Ban, Sihao"]
[Result "1-0"]
[WhiteElo "1784"]
[BlackElo "1326"]
[PlyCount "44"]
[EventDate "2015.07.06"]
[EventType "swiss"]
[EventRounds "7"]
[EventCountry "CAN"]
[SourceTitle "EXT 2022"]
[Source "ChessBase"]
[SourceDate "2021.10.06"]
[SourceVersion "1"]
[SourceVersionDate "2021.10.06"]
[SourceQuality "1"]

1. d4 d5 2. Nf3 Nf6 3. e3 e6 4. Bd3 Bd6 5. Nbd2 Nbd7 6. c4 c5 7. 0-0 0-0 8. b3 b6 9. e4 cxd4 10. cxd5 exd5 11. Nxd4 dxe4 12. Nxe4 Nxe4 13. Bxe4 Qh4 14. f4 Rb8 15. Nf5 Qf6 16. Rb1 Bc5+ 17. Kh1 Re8 18. Bb2 Qd8 19. Bxg7 Rxe4 20. Qg4 h5 21. Qxh5 f6 22. Qg6 Nf8 1-0

[Event "CAN-ch U16"]
[Site "Windsor"]
[Date "2015.07.07"]
[Round "2.17"]
[White "Houle, Mathieu"]
[Black "Ban, Sihao"]
[Result "0-1"]
[WhiteElo "950"]
[BlackElo "1326"]
[PlyCount "64"]
[EventDate "2015.07.06"]
[EventType "swiss"]
[EventRounds "7"]
[EventCountry "CAN"]
[SourceTitle "EXT 2022"]
[Source "ChessBase"]
[SourceDate "2021.10.06"]
[SourceVersion "1"]
[SourceVersionDate "2021.10.06"]
[SourceQuality "1"]

1. e3 e5 2. Bc4 d5 3. Bb5+ c6 4. Bf1 Nf6 5. Nf3 Bd6 6. d3 Bg4 7. h3 Bh5 8. g4 Bg6 9. b3 e4 10. Ba3 exf3 11. Bxd6 Qxd6 12. Qxf3 Qe5 13. d4 Qe4 14. Qxe4+ Bxe4 15. Rg1 Bxc2 16. Nd2 Na6 17. g5 Ne4 18. Nxe4 Bxe4 19. Bxa6 bxa6 20. Rc1 Kd7 21. Rg3 Rhe8 22. f3 Bf5 23. f4 Rab8 24. Ra1 Rb4 25. Kd2 Kd6 26. Rc1 a5 27. h4 a4 28. Rb1 Bxb1 29. Kc3 Reb8 30. a3 Rxb3+ 31. Kd2 Rb2+ 32. Kc3 R8b3# 0-1